All Germanic languages (Ethnologue) - Statistics

General Stats
  • This quiz has been taken 470 times
  • The average score is 16 of 47
Answer Stats
Language % Correct
Swedish
98%
English
97%
Danish
96%
Dutch
96%
Norwegian
96%
German
94%
Icelandic
91%
Frisian
77%
Bavarian
73%
Faroese
73%
Afrikaans
72%
Luxembourgish
72%
Scots
71%
Swiss German
52%
Limburgish
48%
Swabian
39%
Low Saxon
38%
Upper Saxon
27%
Ripuarian
25%
Wymysorys
21%
Hunsrik
19%
Pennsylvania German
17%
Gronings
16%
Walser
14%
Cimbrian
12%
Western Yiddish
12%
Eastern Yiddish
11%
Mócheno
11%
Northern Frisian
11%
Vlaams
11%
Saterfrisian
9%
Achterhoeks
8%
Övdalian
7%
Westphalien
7%
Zeeuws
7%
Hutterite German
5%
Drents
4%
Lower Silesian
4%
Plautdietsch
4%
Eastern Franconian
3%
Palatinate Franconian
3%
Sallands
3%
Stellingwerfs
3%
Twents
3%
Colonia Tovar German
2%
East Frisian Low Saxon
2%
Veluws
2%
No matching quizzes found
Score Distribution
Percent of People with Each Score
Percentile by Number Answered
Your Score History
You have not taken this quiz